[Event "San Francisco TNM Spring op"]
[Site "San Francisco"]
[Date "2016.04.12"]
[Round "5"]
[White "Kumar, Vikas"]
[Black "Palmeri, Ralph P"]
[Result "1-0"]
[WhiteElo "1973"]
[BlackElo "1715"]
[PlyCount "73"]
[EventDate "2016.03.15"]
[EventType "swiss"]
[EventRounds "8"]
[EventCountry "USA"]
[SourceTitle "EXT 2018"]
[Source "ChessBase"]
[SourceDate "2017.10.13"]
[SourceVersion "1"]
[SourceVersionDate "2017.10.13"]
[SourceQuality "1"]

1. Nf3 d5 2. c4 c6 3. e3 Nf6 4. Nc3 g6 5. d4 Bg7 6. h3 Nbd7 7. Bd3 0-0 8. 0-0 e6 9. e4 dxe4 10. Nxe4 Nxe4 11. Bxe4 Qc7 12. Be3 Rd8 13. Qe2 b6 14. Bg5 f6 15. Bh4 Bb7 16. Rfe1 Re8 17. Rad1 Rad8 18. Qc2 Nf8 19. Qa4 c5 20. Qxa7 Re7 21. Qxb7 cxd4 22. Rxd4 Rxd4 23. Nxd4 Qxb7 24. Bxb7 Rxb7 25. Kf1 e5 26. Nb5 Rd7 27. f4 exf4 28. Bf2 Rb7 29. Re8 f5 30. b4 h6 31. a4 g5 32. a5 bxa5 33. bxa5 Rd7 34. a6 Kf7 35. Rc8 g4 36. a7 f3 37. Rc7 1-0